Aprendizaje de las competencias de investigación en el Grado de Medicina: análisis y evaluación de las calificaciones de los estudiantes en el Trabajo de Final de Grado (Record no. 182541)
[ view plain ]
| 000 -CABECERA | |
|---|---|
| campo de control de longitud fija | 02781nab a2200349 a 4500 |
| 005 - FECHA Y HORA DE LA ÚLTIMA TRANSACCIÓN | |
| campo de control | 20250819063913.0 |
| 008 - ELEMENTOS DE LONGITUD FIJA--INFORMACIÓN GENERAL | |
| campo de control de longitud fija | 991125c2016 sp tr p o 000 0 spa d |
| 035 ## - NÚMERO DE CONTROL DEL SISTEMA | |
| Número de control de sistema | UPN01000210440 |
| 040 ## - FUENTE DE LA CATALOGACIÓN | |
| Centro catalogador/agencia de origen | MX-MxUPN |
| Lengua de catalogación | spa |
| Centro/agencia transcriptor | MX-MxUPN |
| Normas de descripción | aacr2 |
| 049 ## - COLECCIÓN | |
| Colección | ART-E |
| 100 1# - ASIENTO PRINCIPAL--NOMBRE PERSONAL | |
| Nombre de persona | González de Paz, Luis |
| 100 1# - ASIENTO PRINCIPAL--NOMBRE PERSONAL | |
| Nombre de persona | Elorduy Vaquero, Marta |
| 100 1# - ASIENTO PRINCIPAL--NOMBRE PERSONAL | |
| Nombre de persona | Virumbrales, Montserrat |
| 100 1# - ASIENTO PRINCIPAL--NOMBRE PERSONAL | |
| Nombre de persona | Real, Jordi |
| 100 1# - ASIENTO PRINCIPAL--NOMBRE PERSONAL | |
| Nombre de persona | Sureda, Xisca |
| 100 1# - ASIENTO PRINCIPAL--NOMBRE PERSONAL | |
| Nombre de persona | Borras, Alicia |
| 100 1# - ASIENTO PRINCIPAL--NOMBRE PERSONAL | |
| Nombre de persona | Martínez Sánchez, Jose M. |
| 100 1# - ASIENTO PRINCIPAL--NOMBRE PERSONAL | |
| Filiación | jmmartinez@uic.es |
| 245 10 - MENCIÓN DE TÍTULO | |
| Título | Aprendizaje de las competencias de investigación en el Grado de Medicina: análisis y evaluación de las calificaciones de los estudiantes en el Trabajo de Final de Grado |
| 506 0# - NOTA DE RESTRICCIONES AL ACCESO | |
| Limitaciones de acceso | Acceso abierto |
| 520 3# - NOTA DE RESUMEN, ETC. | |
| Sumario, etc. | La adaptación al Plan Bolonia del Grado de Medicina en España ha introducido en los planes de estudio la realización del Trabajo de Final de Grado (TFG). A continuación se presenta un modelo de TFG y se estudia la validez de un sistema de evaluación de las calificaciones para medir los resultados del aprendizaje de las competencias de investigación y pensamiento crítico. Se evaluaron 62 trabajos . Para su realización los estudiantes contaron con un equipo de tutores expertos en investigación clínica y en metodología. El trabajo fue evaluado por tres profesores, cada uno completó una rúbrica de 10 ítems. La validez del sistema de evaluación se analizó mediante el modelo de múltiples facetas de Rasch, que permite estudiar las diferencias en la severidad de los evaluadores, los resultados de los estudiantes y la dificultad de los ítems. Se calificaron los trabajo s de 62 estudiantes, totalizando 186 rúbricas. El 58% de los estudiantes mostraron una habilidad superior a la severidad de los evaluadores y a la dificultad de los ítems de la rúbrica. No se observaron diferencias significativas en la severidad de los evaluadores, ni en las calificaciones finales según el tipo de evaluador. El ítem más difícil para los estudiantes fue la selección del diseño epidemiológico del protocolo. El método de análisis propuesto para el TFG es eficaz para evaluar la adquisición de las competencias relacionadas con la investigación y el pensamiento crítico en los estudiantes del último curso del Grado de Medicina |
| 650 #4 - ASIENTO SECUNDARIO DE MATERIA - TERMINO TEMATICO | |
| Término de materia o nombre geográfico como elemento de entrada | Currículo |
| 9 (RLIN) | 4174 |
| 650 #2 - ASIENTO SECUNDARIO DE MATERIA - TERMINO TEMATICO | |
| Término de materia o nombre geográfico como elemento de entrada | Educación médica |
| 9 (RLIN) | 17187 |
| 650 #2 - ASIENTO SECUNDARIO DE MATERIA - TERMINO TEMATICO | |
| Término de materia o nombre geográfico como elemento de entrada | Competencia profesional |
| 9 (RLIN) | 5288 |
| 650 #4 - ASIENTO SECUNDARIO DE MATERIA - TERMINO TEMATICO | |
| Término de materia o nombre geográfico como elemento de entrada | Estudiantes |
| 9 (RLIN) | 13250 |
| 653 0# - TERMINO DE INDIZACION - NO CONTROLADO | |
| Término no controlado | Estándadres médicos |
| 773 ## - ENLACE AL DOCUMENTO FUENTE/ENTRADA DE REGISTRO ANFITRIÓN | |
| Parte(s) relacionada(s) | Vol. 32, no. 2 (2016), p. 484-491 |
| Título | Anales de psicología = Annals of psychology |
| Número Internacional Normalizado para Publicaciones Seriadas | 1695-2294 |
| 856 4# - LOCALIZACIÓN Y ACCESO ELECTRÓNICOS | |
| Identificador Uniforme del Recurso | <a href="https://revistas.um.es/analesps/article/view/analesps.32.2.212261">https://revistas.um.es/analesps/article/view/analesps.32.2.212261</a> |
| 902 ## - ELEMENTOS DE DATOS B LOCAL, LDB (RLIN) | |
| Creó | Gloria Jiménez/230525 |
| 905 ## - TIPO DE MATERIAL | |
| Tipo de material | Articulo |
| 942 ## - ELEMENTOS DE PUNTO DE ACCESO ADICIONAL (KOHA) | |
| Tipo de ítem Koha | Artículo Electrónico |
| Estado de retiro | Estado de pérdida | Estado dañado | No para préstamo | Código de colección | Localización permanente | Ubicación/localización actual | Ubicación en estantería | Fecha de adquisición | Total de préstamos | Fecha visto por última vez | Identificador Uniforme del Recurso | Precio válido a partir de | Tipo de ítem Koha |
|---|---|---|---|---|---|---|---|---|---|---|---|---|---|
| Acceso abierto | Bib. Gregorio Torres Quintero | Bib. Gregorio Torres Quintero | En línea | 23/05/2025 | 23/05/2025 | https://revistas.um.es/analesps/article/view/analesps.32.2.212261/192951 | 23/05/2025 | Artículo Electrónico |
